Handbook for adult learning materials at community level (Record no. 64484)
[ view plain ]
| 000 -LEADER | |
|---|---|
| fixed length control field | 00274nam a2200097 4500 |
| 082 0# - DEWEY DECIMAL CLASSIFICATION NUMBER | |
| Classification number | 374 |
| 245 11 - TITLE STATEMENT | |
| Title | Handbook for adult learning materials at community level |
| 260 ## - PUBLICATION, DISTRIBUTION, ETC. (IMPRINT) | |
| Place of publication, distribution, etc | Tokyo |
| Name of publisher, distributor, etc | Asia/ Pacific Cultural Centre for UNESCO (ACCU) |
| Date of publication, distribution, etc | c.2001 |
| 300 ## - PHYSICAL DESCRIPTION | |
| Extent | 116 p. |
| 942 ## - ADDED ENTRY ELEMENTS (KOHA) | |
| Source of classification or shelving scheme | |
| Koha item type | Books |
No items available.
